000 00617nam a2200205Ia 4500
001 15541
003 GE_BSU
008 181216s||||||||xx |||||||||||||| ||und||
040 _cGE_BSU
100 _aბელიაევი, ალექსანდრე
245 _aვარსკვლავი კეცი
245 _bმოთხრობა
260 _aთბილისი
260 _bსაბჭ. საქართველო
260 _c1970
300 _a170გვ.20სმ
653 _aვარსკვლავი კეცი
653 _aმოთხრობა
942 _cBK
999 _c48641
_d48641